Poznámka k problematike praktického aplikovania niektorých vybraných teórií menovej politiky
Stav ekonomiky a verejné financie Slovenskej republiky. Smerovanie menovej politiky. Základné charakteristiky východiskových pojmov. Menová politika a jej význam. Menové sústavy a ich klasifikovanie. Úlohy menovej politiky a jej pôsobenia v sústave komplexnej národohospodárskej politiky, realizovane...
Salvato in:
| Autore principale: | |
|---|---|
| Altri autori: | |
| Natura: | Capitolo di libro |
| Lingua: | slovacco |
| Soggetti: | |
| Tags: |
Nessun Tag, puoi essere il primo ad aggiungerne!!
|
MARC
| LEADER | 00000naa$a2200000$$$4500 | ||
|---|---|---|---|
| 001 | 0060706 | ||
| 005 | 20221207085220.1 | ||
| 041 | 0 | |a slo | |
| 044 | |a CZ | ||
| 245 | 1 | 0 | |a Poznámka k problematike praktického aplikovania niektorých vybraných teórií menovej politiky |c Ľubica Horniaková, Jozef Králik |
| 520 | |a Stav ekonomiky a verejné financie Slovenskej republiky. Smerovanie menovej politiky. Základné charakteristiky východiskových pojmov. Menová politika a jej význam. Menové sústavy a ich klasifikovanie. Úlohy menovej politiky a jej pôsobenia v sústave komplexnej národohospodárskej politiky, realizovanej CB štátu. | ||
| 610 | 2 | 0 | |a politika menová |
| 610 | 2 | 0 | |a Slovensko |
| 610 | 2 | 0 | |a financie verejné |
| 610 | 2 | 0 | |a sústava menová |
| 100 | 1 | |a Horniaková, Ľubica | |
| 700 | 1 | |a Králik, Jozef | |